|
|
|
|
| LEADER |
00000cam a2200000 a 4500 |
| 001 |
vtls001486092 |
| 003 |
SK-MaSNL |
| 005 |
20260301104613.0 |
| 008 |
240226s2004 xo gr 000 0 cze |
| 015 |
|
|
|a SNBA2005/01-00324
|
| 020 |
|
|
|a 8080790140
|q (brožované)
|
| 035 |
|
|
|a SNK000441385
|
| 035 |
|
|
|a urn:nbn:sk:snk-am3j3jz
|
| 035 |
|
|
|a 835AC98F-2170-4286-8986-56AB9A7B10F5
|
| 035 |
|
|
|a urn:nbn:sk:snk-am00gh23
|
| 040 |
|
|
|a SNK
|b slo
|c SNK
|e AACR2
|
| 041 |
1 |
|
|a cze
|h eng
|
| 044 |
|
|
|a xo
|c sk
|
| 072 |
|
7 |
|a 615.8
|x Fyzioterapia. Psychoterapia. Alternatívna medicína
|2 konspekt
|
| 072 |
|
7 |
|a 133
|x Ezoterizmus. Okultizmus
|2 konspekt
|
| 080 |
|
|
|a 133
|2 1997
|
| 080 |
|
|
|a (0.062)
|2 1997
|
| 080 |
|
|
|a (035)
|2 1997
|
| 080 |
|
|
|a 615.8
|2 1997
|
| 080 |
|
|
|a 615.8
|2 2011
|
| 080 |
|
|
|a 133
|2 2011
|
| 080 |
|
|
|a (0.062)
|2 2011
|
| 100 |
1 |
|
|a Shealy, Norman C.,
|d 1932-
|4 aut
|9 443609
|
| 245 |
1 |
0 |
|a Léčení alternativní medicínou
|b alternativní medicína může zachránit váš život
|c C. Norman Shealy
|
| 260 |
|
|
|a Bratislava
|b Eko-konzult
|c 2004
|
| 300 |
|
|
|a 139 strán
|c 21 cm
|
| 500 |
|
|
|a Preložené z angličtiny
|
| 650 |
0 |
7 |
|a alternatívna medicína
|2 SNKPH
|9 901
|
| 650 |
0 |
7 |
|a okultizmus
|2 SNKPH
|9 2078
|
| 655 |
|
7 |
|a populárno-náučné publikácie
|2 SNKPH
|9 70460
|
| 919 |
|
|
|a 80-8079-014-0
|
| 958 |
|
|
|a TL
|
| 958 |
|
|
|a CZ
|
| 958 |
|
|
|a MI
|
| 958 |
|
|
|a OP
|
| 999 |
|
|
|c 698573
|d 700503
|
| 952 |
|
|
|t P60, <03>, [BOOK], {603}, -K-
|a SNK
|b SNK
|y PREZ
|7 0
|p 17A0451182
|o snkSC 118107
|i snkKSP 14988/2004
|0 0
|1 0
|4 0
|d 2004-11-30
|f 1
|l 0
|r 2025-10-07 00:00:00
|w 2026-02-23
|
| 952 |
|
|
|t P60, <04>, [BOOK], {604}
|a SNK
|b SNK
|y VYP
|7 0
|p 17A0451201
|o snkSC 118107 D1
|i snkKSP 14989/2004
|0 0
|1 0
|4 0
|d 2004-11-30
|l 0
|r 2005-01-02 00:00:00
|w 2026-02-23
|